Регионална библиотека "Любен Каравелов" - Русе

Избрани творби (Запис номер 188303)

MARC детайли
000 -Лидер
Контролно поле с фиксирана дължина 02424nam a2200373 c 4500
003 - Код на организацията, давaща контролен номер
Контролно поле BLK
005 - Дата и час на последна редакция
Контролно поле 20241029155422.0
008 - Елементи от данни с фиксирана дължина
fixed length control field 180411b bul|||||r ||||||| ||bul||
010 ## - Наследен системен номер
LC control number KNG00197321000
040 ## - Източник на каталожния запис
Идентификатор на билиотеката - собственик на записа BLK
041 ## - Код за език
Код за езика на текст/звукозапис или на отделно заглавие Български
Код за езика КДБФ Български
080 ## - УДК
Текстов определител УДК Руска литература
УДК код - определител по УДК 821.161.1
УДК определител -1
УДК - код + определител 821.161.1-1
080 ## - УДК
Текстов определител УДК Руска литература
УДК код - определител по УДК 821.161.1
УДК определител -32
УДК - код + определител 821.161.1-32
100 1# - Редна дума - Автор
Автор Франко, Иван Яковлевич
Авторска отговорност първи автор
R(LIN) 380058
139 ## - Редно поле
Редна дума Франко, Иван Яковлевич
Авторски знак Франк - Ф 77
245 10 - Сведения за заглавието
Заглавие Избрани творби
Редно поле (дума) Иван Яковлевич Франко; прев. от укр. Пенчо Стефанов Симов; състав. Иван Иванов Давидков; състав. Пенка Асенова Кънева; предг. от Симеон Владимиров.
257 ## - Страна на издаване
Страна на създаване/издаване Украйна
260 ## - Област на издателските данни
Име на издателя, разпространителя и проч. Нар. култура
Година на издаване 1981
300 ## - Физическа характеристика
Страници 523 с.
Размери/Мащаб 21 см
380 ## - Жанр
Жанр Худож. лит.
490 ## - СЕРИИ (Колекции)
Име на серия Библиотека Световна класика
9 (RLIN) 201621
500 ## - Общи забележки
Забележка Прев. е направен от Твори в 20 томах. Киiв, 1951-1952. - Други прев.: Ив. Давидков, Ат. Павлов, А. Манолов, Ив. Дойчинов, Хр. Попов, В. Свинтила, Ст. Бакърджиев, Д. Методиев, К. Кадийски, Е. Манолова, М. Колесник, П. Кънева, П. Атанасов ; Истинското име на прев. В. Свинтила е Владимир Георгиев Николов ; Пълното име на прев. Ив. Давидков е Иван Давидков Иванов, на Д. Методиев - Димитър Методиев Христов, а на С. Владимиров - Симеон Владимиров Георгиев. - 20 125 тир.
700 1# - Други автори (авторска отговорност)
Лично име Симов, Пенчо Стефанов
Автороска отговорност (Описва отношението между автора и произведението) прев. от укр.
9 (RLIN) 377430
700 1# - Други автори (авторска отговорност)
Лично име Давидков, Иван Иванов
Автороска отговорност (Описва отношението между автора и произведението) състав.
9 (RLIN) 381070
700 ## - Други автори (авторска отговорност)
Лично име Кънева, Пенка Асенова
9 (RLIN) 365440
700 1# - Други автори (авторска отговорност)
Лично име Владимиров, Симеон
Автороска отговорност (Описва отношението между автора и произведението) предг. от
9 (RLIN) 364915
852 ## - Местоположение
Форматна сигнатура Цб 108454
856 4# - Електронен адрес и достъп
Електронен формат pdf - файл
Инструкция (цена за достъп) 0.00
Права за достъп disable
856 4# - Електронен адрес и достъп
Електронен формат pdf - файл
Инструкция (цена за достъп) 0.00
Права за достъп disable
999 ## - СИСТЕМНИ КОНТРОЛНИ НОМЕРА
Koha biblionumber 188303
Koha biblioitemnumber 188303
942 ## - АРТИКУЛИ
Вид на библиотечния материал Книги
Скрит в OPAC Не
Периодичен библиозапис Да
944 ## - СЪЗДАВАНЕ И РЕДАКЦИЯ на ЗАПИСА
Създаване/Редакция Създаване
Дата на регистрацията/редакция 02.12.2016
Служител, извършил регистрацията/редакцията 30560
Статус, дата на статуса Геновева Генчева
944 ## - СЪЗДАВАНЕ И РЕДАКЦИЯ на ЗАПИСА
Създаване/Редакция Редакция
Дата на регистрацията/редакция 02.12.2016
Служител, извършил регистрацията/редакцията Грета_Цуфелде
999 ## - СИСТЕМНИ КОНТРОЛНИ НОМЕРА
Koha biblioitemnumber 188303
Наличности
Код за отписване Код за изгубен артикул Източник на класификационната схема Код за повреда Коз за рестрикции Код за отдаване Артикулен № Име на библиотеката - собственик Име на библиотеката, в която се намира в момента Статус (Текущо местоположение) Дата на вписване в системата Местоположение - отдел Цена в лева Инвентарен номер Систематично азбучна сигнатура Баркод Номер на екземпляра Цена в евро Служебна бележка Служебен тип на артикула
  Не е изгубен Universal Decimal Classification Не е повреден само за читалня ползва се в читалня 330004 Регионална библиотека "Любен Каравелов" Русе Регионална библиотека "Любен Каравелов" Русе Хранилище 1981-01-01 Хранилище 4.41 327078 Цб 108454 120000327078 1 2.25 N: стар фонд Дата: 01.01.1981 Книги
  Не е изгубен Universal Decimal Classification Не е повреден без рестрикции заемане за дома 330005 Регионална библиотека "Любен Каравелов" Русе Регионална библиотека "Любен Каравелов" Русе Заемна - подръчен фонд 1981-01-01 Заемна - подръчен фонд 4.41 326286 П 882-1/Ф 77 120000326286 2 2.25 N: стар фонд Дата: 01.01.1981 Дата инв: 09.02.2018 Бележки инв: П2018 Книги
Vip Innovations Ltd, Rousse, Bulgaria 2025